| 000 | 00571nam a2200193 i 4500 | ||
|---|---|---|---|
| 001 | 105077 | ||
| 003 | ES-MaACL | ||
| 005 | 20250129092401.0 | ||
| 007 | t| | ||
| 008 | 060609s1944 sp ||||1| spa d | ||
| 080 | _a612.67 | ||
| 100 | 1 |
_aBlanco Soler, C., _d1894-1962 _929295 |
|
| 245 | 1 | 0 |
_aDos ensayos sobre la vejez y su tratamiento / _cBlanco Soler. |
| 260 |
_aMadrid : _bCigüeña, _c1944. |
||
| 300 |
_a203 p., 5 h. de lám. ; _c18 cm. |
||
| 650 | 1 | 4 |
_aEnvejecimiento. _912329 |
| 852 |
_aES-MaACL _jF-9624 _bR.137675 |
||
| 999 |
_c105077 _d105077 |
||